|
|
|
|
| LEADER |
00000nam a22000007a 4500 |
| 005 |
20211229221733.0 |
| 007 |
cr|||| ||| |
| 008 |
211229s2020 eu |||||s||||i00||0 eng d |
| 020 |
|
|
|a 978-92-846-6918-9
|
| 035 |
|
|
|a 34034
|
| 040 |
|
|
|a vLex
|
| 090 |
|
|
|c 12797
|d 12797
|
| 245 |
0 |
0 |
|a Organised property crime in the EU
|h [Recurso electrn̤ico] /
|
| 256 |
|
|
|a Servicio en ln̕ea
|
| 260 |
|
|
|a Bruselas:
|b European Union Publications Office,
|c 2020
|
| 300 |
|
|
|a 1 recurso electrn̤ico
|
| 500 |
|
|
|a This study, commissioned by the European Parliament's Policy Department for Citizen's Rights and Constitutional Affairs at the request of the Committee on Civil Liberties, Justice and Home Affairs (LIBE), aims to provide information on Organised Property Crime in the EU, by offering a strategic discussion on the Union policies on this topic and highlighting key recommendations for future action. The study proposes a holistic approach to the problem, adding new elements to existing measures.
|
| 506 |
1 |
|
|a Disponible solo en los productos indicados
|d vLex Global
|d vLex Global (Academic Edition, excluding Law Schools)
|d vLex Global (U.S. Academic Edition, Law Schools)
|d vLex Global (U.S. Academic Edition, excluding Law Schools)
|d vLex Global (Academic Edition, Law Schools)
|
| 650 |
0 |
4 |
|a Derecho Comunitario
|z Unin̤ Europea
|
| 740 |
0 |
|
|a vLex Libros (Servicio en ln̕ea)
|
| 856 |
4 |
0 |
|u https://app.vlex.com/#/sources/34034
|z Acceso restringido
|
| 942 |
|
|
|c BOOK
|
| 999 |
0 |
|
|a Community Law
|